Hauptstädte, die mit R Beginnen - Statistiken

Allgemein
  • Dieses Quiz wurde 197 mal gespielt
  • Das Durchschnittsergebnis liegt bei 5 aus 6
Antwortstatistiken
Kontinent Hauptstadt % Korrekt
Europa Rom
94%
Europa Riga
92%
Europa Reykjavík
82%
Asien Riad
73%
Afrika Rabat
70%
Nordamerika Roseau
65%
Keine übereinstimmenden Quizze gefunden
Verteilung der Resultate
Anzahl Personen mit jedem Resultat
Perzentil nach korrekt beantworteten Fragen
Ihre Resultats-Entwicklung
Sie haben dieses Quiz noch nicht gespielt